000
00276nam a2200133Ia 4500
008
260604s9999 xx 000 0 und d
020
_a
9781529794328
082
_a
658.4 CLE
100
_a
CLEGG
_9
34032
245
0
_a
STRATEGY
260
_b
SAGE
500
_a
STR
942
_c
BK
999
_c
7940
_d
7940